000 00298nam a22001337a 4500
008 170613b xxu||||| |||| 00| 0 eng d
020 _a032115973-X
041 _aeng
080 _25TH
_a32
100 _a19
101 _aSHP
245 _aAMERICANN FOREIGN POLICY
_cIKENBERRY,J
942 _2udc
_cBK
999 _c17206
_d17206